MARC

LEADER 00000nam0a2200000 4500
001 206112
005 20231031190608.0
010 |a 5020168580 
035 |a (RuTPU)RU\TPU\book\224666 
090 |a 206112 
100 |a 20111224d1990 km y0rusy50 ca 
101 0 |a rus 
102 |a RU 
105 |a y z 001zy 
200 1 |a Африканское крестьянство: перемены в общественном сознании  |f Н. А. Ксенофонтова  |g Академия наук СССР (АН СССР), Институт Африки (ИАф) 
210 |a Москва  |c Наука  |d 1990 
215 |a 162 с. 
320 |a Библиогр.: с. 148-160. 
610 1 |a политика 
610 1 |a внутренняя политика 
610 1 |a Африка 
610 1 |a общественное сознание 
610 1 |a крестьянство 
610 1 |a сельскохозяйственный сектор 
610 1 |a экология 
610 1 |a социальная среда 
686 |a Ф3(6)  |v LBC/SL-A  |2 rubbk 
700 1 |a Ксенофонтова  |b Н. А.  |g Наталья Александровна 
712 0 2 |a Академия наук СССР (АН СССР)  |b Институт Африки (ИАф)  |c (Москва)  |2 stltpush  |3 (RuTPU)RU\TPU\col\11573 
801 1 |a RU  |b 63413507  |c 20111224 
801 2 |a RU  |b 63413507  |c 20111226  |g RCR 
942 |c BK